Informal public transport in practice : (Record no. 170077)

MARC details
000 -LEADER
fixed length control field 01065nam a2200313 a 4500
008 - FIXED-LENGTH DATA ELEMENTS--GENERAL INFORMATION
fixed length control field
020 ## - INTERNATIONAL STANDARD BOOK NUMBER
International Standard Book Number 9781409446927 (hardback)
040 ## - CATALOGING SOURCE
Original cataloging agency NUST
Transcribing agency NUST
049 ## - LOCAL HOLDINGS (OCLC)
Holding library MAIN
090 ## - LOCALLY ASSIGNED LC-TYPE CALL NUMBER (OCLC); LOCAL CALL NUMBER (RLIN)
Classification number (OCLC) (R) ; Classification number, CALL (RLIN) (NR) HE311
Local cutter number (OCLC) ; Book number/undivided call number, CALL (RLIN) KHA
003 - CONTROL NUMBER IDENTIFIER
control field
005 - DATE AND TIME OF LATEST TRANSACTION
control field 20230123141235.0
100 1# - MAIN ENTRY--PERSONAL NAME
Personal name Khayesi, Meleckidzedeck.,
-- author.
245 10 - TITLE STATEMENT
Title Informal public transport in practice :
Remainder of title Matatu Entrepreneurship/
Statement of responsibility, etc. Meleckidzedeck Khayesi ; Frederick Muyia Nafukho & Joyce Kemuma.
260 ## - PUBLICATION, DISTRIBUTION, ETC.
Place of publication, distribution, etc. Surrey, England :
Name of publisher, distributor, etc. Ashgate,
Date of publication, distribution, etc. 2015.
300 ## - PHYSICAL DESCRIPTION
Extent xiii,149 pages :
Other physical details illustrations ;
Dimensions 24 cm.
336 ## - CONTENT TYPE
Content type term text
Content type code txt
Source rdacontent
337 ## - MEDIA TYPE
Media type term unmediated
Media type code n
Source rdamedia
338 ## - CARRIER TYPE
Carrier type term volume
Carrier type code nc
Source rdacarrier
440 ## - SERIES STATEMENT/ADDED ENTRY--TITLE
Title Transport and society.
500 ## - GENERAL NOTE
General note Includes index.
504 ## - BIBLIOGRAPHY, ETC. NOTE
Bibliography, etc. note Includes bibliographical references.
650 #1 - SUBJECT ADDED ENTRY--TOPICAL TERM
Topical term or geographic name entry element Local transit
General subdivision Kenya.
650 ## - SUBJECT ADDED ENTRY--TOPICAL TERM
Topical term or geographic name entry element Paratransit services
General subdivision Kenya.
650 ## - SUBJECT ADDED ENTRY--TOPICAL TERM
Topical term or geographic name entry element Bus lines
General subdivision Kenya.
650 ## - SUBJECT ADDED ENTRY--TOPICAL TERM
Topical term or geographic name entry element Urban transportation
General subdivision Kenya.
907 ## - LOCAL DATA ELEMENT G, LDG (RLIN)
a .b10416006
b 09-03-22
c 09-03-22
942 ## - ADDED ENTRY ELEMENTS (KOHA)
Koha item type Ordinary Loan Books
Call number prefix HE311
Call number suffix KHA
Holdings
Date last seen Total Checkouts Full call number Barcode Cost, replacement price Price effective from Koha item type Lost status Source of classification or shelving scheme Damaged status Not for loan Collection Withdrawn status Home library Current library Shelving location Date acquired Cost, normal purchase price
01/23/2023   HE311 KHA 92004051254 80.00 01/23/2023 BOOKS   LCC     NFIC   MAIN MAIN GEN 01/23/2023 80.00